000 00347nam a2200121Ia 4500
008 220615s9999||||xx |||||||||||||| ||und||
245 0 _aE-commerce
546 _aEnglish[eng]
650 _aE-commerce: business aspects
700 _aKang, Kyeong
856 _uhttps://mts.intechopen.com/storage/books/3718/authors_book/authors_book.pdf
942 _cEB
999 _c7424
_d7424